Parole de chanson - Tayc - 5 ans - Statistiques

Statistiques générales
  • Ce quiz a été pris 233 fois
  • Le résultat moyen est 192 sur 250
Statistiques - réponses
Réponse % Correct
à
96%
a
96%
t'
96%
m'
92%
m
92%
s'
91%
c'
89%
C'
89%
l'
88%
n'
88%
d'
87%
Tu
87%
tu
87%
j'
85%
ai
83%
qu'
83%
je
82%
ma
82%
ce
81%
est
81%
ta
81%
de
80%
as
79%
79%
la
79%
nous
79%
pas
79%
veux
79%
Et
78%
et
78%
Bébé
77%
bébé
77%
cinq
77%
mais
77%
savoir
77%
te
77%
toi
77%
un
77%
ça
76%
compliqué
76%
d'jà
76%
ans
75%
arrive
75%
assez
75%
bien
75%
deux
75%
le
75%
moi
75%
Moi
75%
Oh
75%
oh
75%
pensé
75%
qui
75%
vie
75%
fais
74%
homme
74%
Si
74%
bientôt
73%
peur
73%
pourquoi
73%
Pourquoi
73%
cet
72%
Elle
72%
oui
72%
enfant
71%
aime
70%
blessé
70%
chérie
70%
mon
70%
glacé
69%
suis
69%
Dans
68%
sang
68%
famille
67%
localise
67%
même
67%
problème
66%
annonce
65%
aurais
65%
maintenant
65%
ravale
65%
salive
65%
vois
65%
comment
64%
propre
64%
pu
64%
sans
64%
temps
64%
conception
60%
petit
60%
tout
60%
voulu
58%
tenir
57%
avais
56%
Tayc
54%
Eh
52%
love
28%
You
28%
Ah
19%
Aucun quiz correspondant
Distribution des résultats
% des personnes avec chaque résultat
Percentile par nombre de réponses
Votre historique - résultats
Vous n’avez pas pris ce quiz